Statistics for Bitch Lasagna Lyrics

Click here to take the quiz!

General Stats

  • This quiz has been taken 20 times
    (19 since last reset)
  • The average score is 175 of 294

Answer Stats

Answer% Correct
bitch,
100%
Bitch
100%
bitch
100%
lasagne,
100%
lasagne
100%
lasagne!
100%
I
94%
you,
94%
You
94%
you
94%
T-Series.
82%
T-Series,
82%
T-Series
82%
a
76%
in
76%
no
76%
No
76%
the
76%
But
71%
but
71%
India,
71%
to
71%
be
65%
be?
65%
is
65%
it
65%
lose
65%
nothin'
65%
on
65%
on,
65%
your
65%
Your
65%
ain't
59%
Bob
59%
for
59%
fuck
59%
Just
59%
just
59%
me
59%
so
59%
So
59%
they
59%
this
59%
we
59%
When
59%
who
59%
at
53%
cryin'
53%
from
53%
here
53%
Here,
53%
I'm
53%
let
53%
mama!
53%
or
53%
real
53%
spill
53%
tea
53%
their
53%
won
53%
and
47%
best
47%
billion
47%
Bobs
47%
come
47%
done
47%
don't
47%
down,
47%
down
47%
fuckin'
47%
go
47%
him?
47%
Look
47%
million!
47%
number
47%
of
47%
one
47%
population
47%
some
47%
some…
47%
spot
47%
why
47%
will
47%
Zero,
47%
drama
41%
gonna
41%
got
41%
haven't
41%
I've
41%
kid.
41%
let's
41%
lookin'
41%
Nothing
41%
personal,
41%
pyjamas!
41%
serve
41%
Sit
41%
Sub-bot!
41%
wanna
41%
we're
41%
what
41%
whichever
41%
yes
41%
you're
41%
1.32
35%
begun,
35%
can't
35%
completely
35%
dethrone
35%
even
35%
(Eww)
35%
gone
35%
hell
35%
Johnny
35%
like
35%
most
35%
nation
35%
Now
35%
once.
35%
only
35%
papa,
35%
review
35%
seem
35%
that
35%
think
35%
through
35%
vegana,
35%
videos
35%
wet
35%
with
35%
all
29%
bye,
29%
comes
29%
community
29%
crying
29%
fifth
29%
hit
29%
hold
29%
hungry
29%
kiss
29%
mean?
29%
nine-year-olds
29%
out
29%
party
29%
sounds
29%
supposed
29%
throw
29%
tryna
29%
'Cause
24%
Dark
24%
Dragon,
24%
Magician
24%
mumble
24%
must
24%
rap
24%
sugar
24%
themselves
24%
wetting
24%
while
24%
White
24%
worlds
24%
Blue-Eyes
18%
defecation
18%
language
18%
Motu
12%
Patlu,
12%

Score Distribution

Percentile by Number Answered

Percent of People with Each Score

Your Score History

You have not taken this quiz since the last reset